000 00412nam a2200181Ia 4500
001 2384
005 20260306144803.0
008 260306t1983||||xx |||||||||||||| ||spa||
041 _aESP
082 _a616.89
_bC89
100 _aCrystal, David
_eAUT
245 0 _aPatología del lenguaje
260 _c1983
300 _a272 páginas :
_c21cm.
650 _aGEN
654 _aCPS
942 _cLIB
_dJUS
_fJUS
_2ddc
_n
999 _c2384
_d2384